| 000 | 01375nam a2200409 i 4500 | ||
|---|---|---|---|
| 001 | 14864 | ||
| 003 | KOSZ 005 | ||
| 005 | 20200111095255.0 | ||
| 008 | 070608s1972 pl a f 001 0 pol | ||
| 015 | _aPB 1972/8792 | ||
| 035 | _a991036977529705066 | ||
| 035 | _a(PL-WaBN)b19923259-48omnis_nlop | ||
| 035 | _ab19923259 | ||
| 035 | _a(OCoLC)749333324 | ||
| 035 | _a(PL)b0000001992325 | ||
| 035 | _a(EXLNZ-48OMNIS_NETWORK)9910176412105606 | ||
| 040 |
_aWA N _cWA N _dKOSZ 005/KK |
||
| 080 | _a543.2 | ||
| 100 | 1 |
_aHulanicki, Adam _d(1929-2019) _eAutor |
|
| 245 | 1 | 0 |
_aReakcje kwasów i zasad w chemii analitycznej / _cAdam Hulanicki. |
| 260 |
_aWarszawa : _bPaństwowe Wydawnictwo Naukowe, _c1972. |
||
| 300 |
_a265, [2] strony : _bilustracje, errata ; _c23 cm. |
||
| 336 |
_2rdacontent _aTekst _btxt |
||
| 337 |
_2rdamedia _aBez urządzenia pośredniczącego _bn |
||
| 338 |
_2rdacarrier _aWolumin _bnc |
||
| 380 | _aKsiążki | ||
| 388 | _a1901-2000 | ||
| 500 | _aMiędzynarodowy Rok Książki 1972. | ||
| 504 | _aBibliografia na stronach [254]-257. Indeks. | ||
| 650 | 7 |
_aChemia analityczna _2DBN |
|
| 650 | 7 |
_aKwasy _2DBN |
|
| 650 | 7 |
_aZasady _2DBN |
|
| 658 | _aChemia | ||
| 856 |
_uhttp://koha.tu.koszalin.pl/cgi-bin/koha/opac-detail.pl?biblionumber=14864 _yKatalog online BPK |
||
| 942 |
_2UKD _cKS |
||
| 999 |
_c14864 _d14864 |
||